[Event "MAESTRO  OSCAR PANNO"]
[Site "SchemingMind.com"]
[Date "2013.06.17"]
[Round "-"]
[White "ld31337"]
[Black "jnable"]
[Result "1-0"]
[WhiteCountry "USA"]
[BlackCountry "PHI"]
[WhiteElo "1578"]
[WhiteRD "77"]
[BlackElo "1695"]
[BlackRD "189"]
[GameID "333246"]

1. e4 e5 2. Nf3 Nc6 3. Bb5 Nf6 4. O-O Bc5 5. c3 d6 6. d4 exd4 7. cxd4 Bb6 8. d5 a6 9. Ba4 O-O 10. dxc6 Nxe4
11. Be3 Bxe3 12. fxe3 b5 13. Bb3 Kh8 14. Nc3 f5 15. Nxe4 fxe4 16. Ng5 Rxf1+ 17. Qxf1
1-0

[Event "MAESTRO  OSCAR PANNO"]
[Site "SchemingMind.com"]
[Date "2013.06.15"]
[Round "-"]
[White "ld31337"]
[Black "zciwar"]
[Result "0-1"]
[WhiteCountry "USA"]
[BlackCountry "POL"]
[WhiteElo "1576"]
[WhiteRD "97"]
[BlackElo "1964"]
[BlackRD "105"]
[GameID "333247"]

1. e4 c5 2. Nc3 Nc6 3. g3 g6 4. Nf3 Bg7 5. Bc4 e6 6. d3 Nge7 7. Be3 d5 8. exd5 exd5 9. Bb3 d4 10. Bf4 dxc3
11. bxc3 Bxc3+ 12. Bd2 Bxa1 13. Qxa1 O-O 14. Bh6 Nf5 15. Bxf8 Qxf8 16. Kd1 Nfd4 17. Bd5 Bg4 18. Re1 Bxf3+ 19. Kc1 Bxd5 20. c3 Nf3
21. Re3 Re8 22. c4 Rxe3 23. fxe3 Be6 24. Qb2 Nb4 25. d4 Nd3+ 26. Kc2 Nxb2 27. Kxb2 cxd4 28. exd4 Qb4+ 29. Ka1 Bf5
0-1

[Event "MAESTRO  OSCAR PANNO"]
[Site "SchemingMind.com"]
[Date "2013.06.17"]
[Round "-"]
[White "ld31337"]
[Black "emvarela"]
[Result "1/2-1/2"]
[WhiteCountry "USA"]
[BlackCountry "ARG"]
[WhiteElo "1618"]
[WhiteRD "72"]
[BlackElo "1731"]
[BlackRD "49"]
[GameID "333248"]

1. e4 e5 2. Nf3 Nc6 3. Bb5 f5 4. d4 fxe4 5. Nxe5 Nxe5 6. dxe5 c6 7. Be2 g6 8. Nc3 Bb4 9. Qd4 Bxc3+ 10. Qxc3 Qe7
11. O-O b6 12. e6 Nf6 13. exd7+ Bxd7 14. Ba6 Kf7 15. Bh6 Rhe8 16. Rae1 Qe5 17. Bc4+ Nd5 18. Qxe5 Rxe5 19. f3 e3 20. f4 Rh5
21. Bg5 Re8 22. h3 Be6 23. g4 Rxh3 24. f5 gxf5 25. Kg2 Rg8 26. Kxh3 Rxg5 27. Bd3 f4 28. c4 Rxg4 29. cxd5 Rg3+ 30. Kh2 Rh3+
31. Kg2 Rg3+ 32. Kh2 Rh3+ 33. Kg2=
1/2-1/2

[Event "MAESTRO  OSCAR PANNO"]
[Site "SchemingMind.com"]
[Date "2013.06.15"]
[Round "-"]
[White "ld31337"]
[Black "Scooter"]
[Result "0-1"]
[WhiteCountry "USA"]
[BlackCountry "USA"]
[WhiteElo "1578"]
[WhiteRD "77"]
[BlackElo "1756"]
[BlackRD "49"]
[GameID "333249"]

1. e4 c6 2. d4 d5 3. Nc3 dxe4 4. Nxe4 Bf5 5. Ng3 Bg6 6. h4 h6 7. Nf3 Nd7 8. h5 Bh7 9. Bd3 Bxd3 10. Qxd3 Qc7
11. Be3 O-O-O 12. O-O-O Ngf6 13. Qa3 Nd5 14. Bd2 b6 15. Rhe1 e6 16. Qa6+ Qb7 17. Qa4 Bd6 18. Ne4 Bc7 19. g4 N7f6 20. g5 Nxe4
21. Rxe4 hxg5 22. Bxg5 f6 23. Bf4 Bxf4+ 24. Kb1 Qf7 25. Qxc6+ Kb8 26. Rd3 Nb4 27. Qc3 Nd5 28. Qa3 Rxh5 29. c4 Rh1+ 30. Ne1 Bd6
31. Qa4 Nf4 32. Rde3 Ng2 33. Rxe6 Nxe3 34. Rxe3 Qg6+ 35. Kc1 Bf4 36. Kd2 Bxe3+ 37. fxe3 Qg3 38. Qd1 Qf2+ 39. Qe2 Qxe2+ 40. Kxe2 Rh2+
41. Kd1 Rxb2 42. d5 Rxa2 43. Nd3 Re8 44. Nb4 Rg2 45. d6 Rd8 46. Nc6+ Kc8 47. Nxd8 Kxd8 48. Ke1 Kd7 49. Kf1 Ra2 50. e4 Kxd6
51. e5+ Kxe5 52. Ke1 Ke4 53. Kd1 Kd3 54. Kc1 Kc3 55. Kb1 Rc2 56. Ka1 Kb3 57. Kb1 Rxc4 58. Ka1 Rc1#
0-1

[Event "MAESTRO  OSCAR PANNO"]
[Site "SchemingMind.com"]
[Date "2013.06.15"]
[Round "-"]
[White "ld31337"]
[Black "kenneth m day"]
[Result "1-0"]
[WhiteCountry "USA"]
[BlackCountry "USA"]
[WhiteElo "1618"]
[WhiteRD "72"]
[BlackElo "1770"]
[BlackRD "52"]
[GameID "333250"]

1. e4 e5 2. Nf3 Nc6 3. Bb5 f5 4. exf5 e4 5. Ng1 Nf6 6. Nc3 a6 7. Ba4 d6 8. g4 Be7 9. d3 exd3 10. Qxd3 O-O
11. Qc4+ d5 12. Qf4 Bd7 13. Bb3 Re8 14. Nxd5 Bd6+ 15. Ne3+ Kh8 16. Qc4 Ne5 17. Qc3 Nexg4 18. Bd2 Bxf5 19. O-O-O Be4 20. f3 Bxf3
21. Nxf3 Nf2 22. Ng5 Re7 23. Nf7+ Rxf7 24. Bxf7 Nxh1 25. Rxh1 Qe7 26. Bb3 Rd8 27. Nf5 Qe4 28. Nxg7 Kxg7 29. Rg1+
1-0

[Event "MAESTRO  OSCAR PANNO"]
[Site "SchemingMind.com"]
[Date "2013.06.15"]
[Round "-"]
[White "ld31337"]
[Black "simpet"]
[Result "0-1"]
[WhiteCountry "USA"]
[BlackCountry "ENG"]
[WhiteElo "1576"]
[WhiteRD "97"]
[BlackElo "1699"]
[BlackRD "54"]
[GameID "333251"]

1. e4 e5 2. Nf3 Bc5 3. Nxe5 Qh4 4. Qf3 Nf6 5. Bd3 d6 6. Nc4 Bg4 7. Qf4 Nh5 8. g3 Nxf4 9. gxh4 Nxd3+ 10. cxd3 Nc6
11. a3 O-O-O 12. Nc3 f5 13. b4 Bd4 14. Bb2 fxe4 15. dxe4 Rhf8 16. Rf1 Rde8 17. d3 Rf3 18. Rd1 Rh3 19. Rd2 Rxh4 20. f3 Bh3
21. Rh1 Ne5 22. Nxe5 Bxe5 23. d4 Bf4 24. Rc2 g5 25. Kf2 g4 26. fxg4 Bxg4 27. Nd5 Rxe4 28. Nxf4 Rxf4+ 29. Kg3 Bf5 30. Re2 Rhg4+
0-1

[Event "MAESTRO  OSCAR PANNO"]
[Site "SchemingMind.com"]
[Date "2013.06.17"]
[Round "-"]
[White "jnable"]
[Black "ld31337"]
[Result "1-0"]
[WhiteCountry "PHI"]
[BlackCountry "USA"]
[WhiteElo "1868"]
[WhiteRD "130"]
[BlackElo "1618"]
[BlackRD "72"]
[GameID "333252"]

1. d4 d5 2. Nf3 Nf6 3. Bg5 h6 4. Bxf6 exf6 5. e3 Bg4 6. Be2 c5 7. O-O Nc6 8. Nbd2 Bd6 9. h3 Bxf3 10. Nxf3 O-O
11. c4 Ne7 12. Rc1 Rc8 13. cxd5 Nxd5 14. e4 Nf4 15. Bb5 a6 16. Ba4 b5 17. Bc2 cxd4 18. Nxd4 Qe7 19. Nf5 Qe5 20. Qxd6 Ne2+
21. Kh1 Nxc1 22. Qxe5 fxe5 23. Ne7+ Kh8 24. Nxc8 Nxa2 25. Nd6 Nb4 26. Bb3 f5 27. Nf7+ Kh7 28. exf5 Nd3 29. Bc2 Nxb2 30. Nxe5 a5
31. f6+ Kg8 32. Bb3+ Kh8 33. Ng6+
1-0

[Event "MAESTRO  OSCAR PANNO"]
[Site "SchemingMind.com"]
[Date "2013.06.15"]
[Round "-"]
[White "zciwar"]
[Black "ld31337"]
[Result "1-0"]
[WhiteCountry "POL"]
[BlackCountry "USA"]
[WhiteElo "1964"]
[WhiteRD "105"]
[BlackElo "1576"]
[BlackRD "97"]
[GameID "333253"]

1. Nf3 d5 2. d4 Nf6 3. c4 dxc4 4. e3 b5 5. a4 Bd7 6. axb5 Bxb5 7. b3 Bc6 8. bxc4 e6 9. Ne5 Nfd7 10. Nxc6 Nxc6
11. Be2 Be7 12. Bf3 O-O 13. Bxc6 Rb8 14. O-O e5 15. Bxd7 Qxd7 16. dxe5 Qe6 17. Qd5 Qg4 18. Nc3 Rb3 19. Qe4 Qe6 20. Nd5 Qc6
21. Nxe7+ Kh8 22. Qxc6 f6 23. Qd7 Rb7 24. Nf5
1-0

[Event "MAESTRO  OSCAR PANNO"]
[Site "SchemingMind.com"]
[Date "2013.06.17"]
[Round "-"]
[White "emvarela"]
[Black "ld31337"]
[Result "1-0"]
[WhiteCountry "ARG"]
[BlackCountry "USA"]
[WhiteElo "1731"]
[WhiteRD "49"]
[BlackElo "1618"]
[BlackRD "72"]
[GameID "333254"]

1. e4 e5 2. Nf3 Nc6 3. d4 exd4 4. c3 dxc3 5. Bc4 cxb2 6. Bxb2 Qe7 7. O-O Qxe4 8. Re1 Qxe1+ 9. Qxe1+ Be7 10. Bxg7 d5
11. Bxd5 Be6 12. Bxe6 Bf6 13. Bxh8 Bxh8 14. Bd5+ Kf8 15. Bxc6 Bxa1 16. Qb4+ Ne7 17. Qxb7 Rd8 18. g3 Rd1+ 19. Kg2 Nxc6 20. Qxc6 Rxb1
21. Qxc7 h5 22. Ng5 Kg7 23. Qxf7+ Kh6 24. Qh7+ Kxg5 25. Qxb1 Bf6 26. f4+ Kh6 27. Qf5 Kg7 28. Qxh5 a6 29. f5
1-0

[Event "MAESTRO  OSCAR PANNO"]
[Site "SchemingMind.com"]
[Date "2013.06.15"]
[Round "-"]
[White "Scooter"]
[Black "ld31337"]
[Result "1-0"]
[WhiteCountry "USA"]
[BlackCountry "USA"]
[WhiteElo "1756"]
[WhiteRD "49"]
[BlackElo "1578"]
[BlackRD "77"]
[GameID "333255"]

1. d4 d5 2. Nf3 Nf6 3. Bf4 c5 4. c3 c4 5. Nbd2 Bf5 6. e3 e6 7. Be2 Nc6 8. O-O Be7 9. h3 O-O 10. Nh4 Ne4
11. Nxf5 exf5 12. Nxe4 fxe4 13. b3 cxb3 14. axb3 b5 15. Bxb5 Qd7 16. Ra6 Qb7 17. Rxc6 Qxb5 18. Rc7 Bf6 19. c4 dxc4 20. bxc4 Qf5
21. Qa4 Qe6 22. d5 Qb6 23. d6 g5 24. Bg3 h5 25. c5 Qb8 26. Qxe4 Qb2 27. Rb1 Qd2 28. d7 a6 29. c6 a5 30. Rcb7 a4
31. Rb8 Raxb8 32. Rxb8 Qc1+ 33. Kh2 a3 34. Rxf8+ Kxf8 35. Qe8+ Kg7 36. Be5 Qxc6 37. d8=Q Bxe5+ 38. Qxe5+ Kg6 39. Qdxg5+
1-0

[Event "MAESTRO  OSCAR PANNO"]
[Site "SchemingMind.com"]
[Date "2013.06.15"]
[Round "-"]
[White "simpet"]
[Black "ld31337"]
[Result "1-0"]
[WhiteCountry "ENG"]
[BlackCountry "USA"]
[WhiteElo "1699"]
[WhiteRD "54"]
[BlackElo "1576"]
[BlackRD "97"]
[GameID "333257"]

1. e4 e5 2. Nf3 Nc6 3. d4 exd4 4. Nxd4 Bc5 5. Be3 Qf6 6. c3 Nge7 7. Bc4 O-O 8. O-O d5 9. exd5 Ne5 10. Bb3 Bg4
11. f3 Bh5 12. Nd2 Rad8 13. Ne4 Qa6 14. Nxc5 Qb6 15. Nc2 c6 16. Ne6 Qb5 17. Nxd8 Rxd8 18. Nd4 Qa5 19. dxc6 N7xc6 20. Nxc6 bxc6
21. Qe2 h6 22. Bd4 Re8 23. Qf2 Ng6 24. Rae1 Rf8 25. Re4 Nh8 26. Re5 Qd8 27. Rxh5 Ng6 28. Qg3 c5 29. Rxc5 Qd6 30. Qxd6
1-0

[Event "MAESTRO  OSCAR PANNO"]
[Site "SchemingMind.com"]
[Date "2013.06.20"]
[Round "-"]
[White "michel"]
[Black "ld31337"]
[Result "1-0"]
[WhiteCountry "CAN"]
[BlackCountry "USA"]
[WhiteElo "1977"]
[WhiteRD "74"]
[BlackElo "1578"]
[BlackRD "77"]
[GameID "333435"]

1. e4 e5 2. Nc3 Nf6 3. a3 d5 4. exd5 Nxd5 5. Bc4 Be6 6. Qf3 c6 7. Nge2 Be7 8. d4 Nxc3 9. Bxe6 fxe6 10. Qxc3 e4
11. Qb3 Qd5 12. Qxb7 c5 13. Qc8+ Bd8 14. Nf4 Qc6 15. Qxe6+ Qxe6 16. Nxe6 Ba5+ 17. Bd2 Bxd2+ 18. Kxd2 cxd4 19. Nxd4 Kf7 20. Rhe1 Re8
21. Re3 Nd7 22. Rae1 Nc5 23. b4 Na4 24. Rxe4 Red8 25. Kc1 Nc3 26. Re7+ Kg8 27. Nf5 Rd5 28. g4 Rc8 29. Re8+ Rxe8 30. Rxe8+ Kf7
31. Rc8 Rd1+ 32. Kb2 Ne2 33. Rc7+ Kg6 34. Rxg7+ Kf6 35. Rxh7 Kg5 36. h4+ Kxg4 37. Ne3+ Kf3 38. Nxd1 a6 39. c4 Nd4 40. h5 Ke2
41. Nc3+ Kxf2 42. h6 Ke3 43. Re7+ Kd3 44. Rd7 Kxc4 45. Rxd4+ Kxd4 46. h7 a5 47. h8=Q+ Kc4 48. Qh4+
1-0

[Event "MAESTRO  OSCAR PANNO"]
[Site "SchemingMind.com"]
[Date "2013.06.23"]
[Round "-"]
[White "michel"]
[Black "jnable"]
[Result "1-0"]
[WhiteCountry "CAN"]
[BlackCountry "PHI"]
[WhiteElo "2070"]
[WhiteRD "61"]
[BlackElo "1798"]
[BlackRD "95"]
[GameID "333436"]

1. e4 e5 2. Nc3 Nc6 3. g3 Bc5 4. Bg2 Nf6 5. Nge2 a6 6. O-O O-O 7. d3 d6 8. h3 Be6 9. Nd5 Nb4 10. Ne3= Nd7
11. a3 Nc6 12. c3 Ne7 13. d4 exd4 14. cxd4 Ba7 15. d5 Ne5 16. dxe6 fxe6 17. Nf4 Qd7 18. Qb3 Rf6 19. Qxb7 Qc6 20. Qxc6 N7xc6
21. Ng4 Nxg4 22. hxg4 Ne5 23. g5 Rf7 24. Bd2 Nc4 25. Bc3 e5 26. Nh3 Raf8 27. Rac1 Nb6 28. b3 Nd7 29. b4 Rc8 30. Bd2 Bd4
31. Rc6 Nb8 32. Rc2 c5 33. Re1 c4 34. Be3 c3 35. g6 hxg6 36. Ng5 Rf6 37. Nf3 Nc6 38. Rd1 Bxe3 39. fxe3 Ne7 40. Rdc1 d5
41. Rxc3 Rxc3 42. Rxc3 d4 43. exd4 exd4 44. Nxd4
1-0

[Event "MAESTRO  OSCAR PANNO"]
[Site "SchemingMind.com"]
[Date "2013.06.19"]
[Round "-"]
[White "michel"]
[Black "zciwar"]
[Result "0-1"]
[WhiteCountry "CAN"]
[BlackCountry "POL"]
[WhiteElo "1977"]
[WhiteRD "74"]
[BlackElo "1959"]
[BlackRD "103"]
[GameID "333437"]

1. e4 c5 2. Nf3 Nc6 3. Bb5 g6 4. O-O Bg7 5. c3 Nf6 6. Re1 O-O 7. d4 d5 8. e5 Ne4 9. Nbd2 cxd4 10. cxd4 Qb6
11. Bxc6 Qxc6 12. h3 Be6 13. Nb3 a5 14. Ng5 a4 15. Nxe4 dxe4 16. Nc5 Bd5 17. Be3 b6
0-1

[Event "MAESTRO  OSCAR PANNO"]
[Site "SchemingMind.com"]
[Date "2013.06.23"]
[Round "-"]
[White "michel"]
[Black "emvarela"]
[Result "1-0"]
[WhiteCountry "CAN"]
[BlackCountry "ARG"]
[WhiteElo "2038"]
[WhiteRD "61"]
[BlackElo "1731"]
[BlackRD "49"]
[GameID "333438"]

1. e4 e5 2. Nc3 Nf6 3. a3 Bc5 4. Nf3 Nc6 5. Nxe5 Nxe5 6. d4 Bxd4 7. Qxd4 d6 8. Bg5 h6 9. Bh4 O-O 10. O-O-O Ng6
11. Bxf6 Qxf6 12. Qxf6 gxf6 13. Nd5 Be6 14. Nxc7 Rac8 15. Nb5 Rfd8 16. Rxd6 Rxd6 17. Nxd6 Rc7 18. Nb5 Re7 19. Bd3 a6 20. Nd4 Ne5
21. f4 Nxd3+ 22. cxd3 Rc7+ 23. Kd2 Bg4 24. h3 Bd7 25. Rc1 Rxc1 26. Kxc1 Kg7 27. f5 h5 28. Kd2 b5 29. Kc3 Kf8 30. Kb4 Ke7
31. Kc5 h4 32. Nf3 a5 33. Nxh4
1-0

[Event "MAESTRO  OSCAR PANNO"]
[Site "SchemingMind.com"]
[Date "2013.06.20"]
[Round "-"]
[White "michel"]
[Black "Scooter"]
[Result "1/2-1/2"]
[WhiteCountry "CAN"]
[BlackCountry "USA"]
[WhiteElo "1930"]
[WhiteRD "119"]
[BlackElo "1740"]
[BlackRD "49"]
[GameID "333439"]

1. e4 c6 2. d4 d5 3. exd5 cxd5 4. c4 Nf6 5. Nc3 e6 6. Nf3 Bb4 7. Bd2 O-O 8. a3 Bxc3 9. Bxc3 Nbd7 10. c5 b6
11. b4 Ne4 12. Rc1 bxc5 13. dxc5 Nxc3 14. Rxc3 a5 15. b5 Nf6 16. Bd3 Re8 17. Ne5 Ne4 18. Bxe4 dxe4 19. Qxd8 Rxd8 20. Ke2 a4
21. Nc6 Rd7 22. Rd1 Rxd1 23. Kxd1 Bd7 24. Nd4 Rd8 25. Ke2 e5 26. c6 exd4 27. Rc5 Bg4+ 28. Kd2 Kf8 29. b6 Rb8 30. b7 Bc8
31. bxc8=Q+ Rxc8 32. Rc4 f5 33. Rxd4 Rxc6 34. Rxa4 Kf7 35. Ra7+ Kf6 36. a4 Rb6 37. a5 Rb2+ 38. Ke1=
1/2-1/2

[Event "MAESTRO  OSCAR PANNO"]
[Site "SchemingMind.com"]
[Date "2013.06.19"]
[Round "-"]
[White "michel"]
[Black "kenneth m day"]
[Result "1-0"]
[WhiteCountry "CAN"]
[BlackCountry "USA"]
[WhiteElo "1977"]
[WhiteRD "74"]
[BlackElo "1768"]
[BlackRD "51"]
[GameID "333440"]

1. e4 e5 2. Nc3 Nf6 3. a3 Bc5 4. Nf3 Nc6 5. Nxe5 Bxf2+ 6. Kxf2 Nxe5 7. d4 Neg4+ 8. Kg1 d6 9. h3 Nh6 10. Bg5 Nhg8
11. e5 dxe5 12. dxe5 Qxd1 13. Rxd1 Nd7 14. Nb5 Rb8 15. Nxc7+ Kf8 16. Bb5 h6 17. Bf4 Nc5 18. Rd8+ Ke7 19. Re8#
1-0

[Event "MAESTRO  OSCAR PANNO"]
[Site "SchemingMind.com"]
[Date "2013.06.19"]
[Round "-"]
[White "michel"]
[Black "simpet"]
[Result "1-0"]
[WhiteCountry "CAN"]
[BlackCountry "ENG"]
[WhiteElo "1930"]
[WhiteRD "119"]
[BlackElo "1699"]
[BlackRD "54"]
[GameID "333441"]

1. e4 e5 2. Nc3 Nf6 3. a3 Bc5 4. Nf3 Ng4 5. d4 exd4 6. Na4 b6 7. b4 Be7 8. Nxd4 d6 9. Bb5+ c6 10. Nxc6 Qd7
11. Nd4 Nc6 12. Bxc6 Nxf2 13. Kxf2
1-0

[Event "MAESTRO  OSCAR PANNO"]
[Site "SchemingMind.com"]
[Date "2013.06.19"]
[Round "-"]
[White "ld31337"]
[Black "michel"]
[Result "0-1"]
[WhiteCountry "USA"]
[BlackCountry "CAN"]
[WhiteElo "1578"]
[WhiteRD "77"]
[BlackElo "1977"]
[BlackRD "74"]
[GameID "333442"]

1. e4 e5 2. Nf3 Nc6 3. Bb5 f5 4. d4 fxe4 5. Nxe5 Nxe5 6. dxe5 c6 7. Be2 Qa5+ 8. Bd2 Qxe5 9. O-O d5 10. f4 Bc5+
11. Kh1 Qe7 12. Bc3 Nf6 13. Nd2 O-O 14. Qe1 d4 15. Bxd4 Bxd4 16. c3 Bc5 17. Rd1 Kh8 18. Nc4 Nd5 19. Qd2 a5 20. a3 a4
21. Rde1 Bf5 22. Bd3 Rad8 23. Qc2 exd3 24. Qxa4 Qh4 25. Qd1 b5 26. Ne5 Ne3 27. Nf3 Qxf4 28. Qd2 Be4 29. Rf2 Nxg2 30. Rxg2 Qxf3
31. b4 Qf1+
0-1

[Event "MAESTRO  OSCAR PANNO"]
[Site "SchemingMind.com"]
[Date "2013.06.23"]
[Round "-"]
[White "jnable"]
[Black "michel"]
[Result "0-1"]
[WhiteCountry "PHI"]
[BlackCountry "CAN"]
[WhiteElo "1868"]
[WhiteRD "130"]
[BlackElo "2038"]
[BlackRD "61"]
[GameID "333443"]

1. d4 Nf6 2. c4 c5 3. d5 b5 4. cxb5 a6 5. bxa6 g6 6. Nc3 Bxa6 7. e4 Bxf1 8. Kxf1 Bg7 9. Nf3 d6 10. Ke2 O-O
11. Re1 Nbd7 12. Bd2 Qb6 13. Rb1 Qa6+ 14. Ke3 Bh6+ 15. Ng5 Bxg5+ 16. f4 Bh6 17. Qe2 Qxe2+ 18. Kxe2 Bg7 19. Kf3 Rfb8 20. Nd1 Rxa2
21. Bc3 Nb6 22. Re2 Na4 23. Bxf6 Bxf6 24. e5 Bg7 25. g4 Rb3+ 26. Kg2 dxe5 27. fxe5 Rd3 28. e6 f5 29. gxf5 gxf5 30. Rf2 Rxd5
31. Ne3 Re5 32. Nxf5 Bf6 33. Nh6+ Kf8 34. Rd1 Rxb2 35. Rxb2 Nxb2 36. Rd8+ Kg7
0-1

[Event "MAESTRO  OSCAR PANNO"]
[Site "SchemingMind.com"]
[Date "2013.06.19"]
[Round "-"]
[White "zciwar"]
[Black "michel"]
[Result "0-1"]
[WhiteCountry "POL"]
[BlackCountry "CAN"]
[WhiteElo "1959"]
[WhiteRD "103"]
[BlackElo "1977"]
[BlackRD "74"]
[GameID "333444"]

1. Nf3 Nf6 2. c4 c5 3. Nc3 d5 4. cxd5 Nxd5 5. d4 Nxc3 6. bxc3 g6 7. Bg5 Bg7 8. Qd2 O-O 9. Bh6 Bxh6 10. Qxh6 Qa5
11. Rc1 Nd7 12. Qd2 cxd4 13. cxd4 Qxd2+ 14. Nxd2 Nb6 15. e4 f5 16. f3 fxe4 17. fxe4 Bd7 18. Nc4 Rac8
0-1

[Event "MAESTRO  OSCAR PANNO"]
[Site "SchemingMind.com"]
[Date "2013.06.23"]
[Round "-"]
[White "emvarela"]
[Black "michel"]
[Result "0-1"]
[WhiteCountry "ARG"]
[BlackCountry "CAN"]
[WhiteElo "1741"]
[WhiteRD "47"]
[BlackElo "2070"]
[BlackRD "61"]
[GameID "333445"]

1. e4 e5 2. Nf3 Nc6 3. Bb5 f5 4. Nc3 fxe4 5. Nxe4 Nf6 6. d3 d5 7. Nxf6+ Qxf6 8. Bg5 Qd6 9. Bxc6+ bxc6 10. Qe2 Be7
11. Bxe7 Qxe7 12. Qxe5 c5 13. O-O-O Qxe5 14. Nxe5 O-O 15. f3 Bf5 16. Rde1 a6 17. g4 Bc8 18. Rhf1 Rf4 19. Nc6 Kf8 20. Ne7 Bb7
21. h4 Re8 22. Nf5 Rxe1+ 23. Rxe1 Rxf3 24. Ne3 g6 25. Rf1 Rxf1+ 26. Nxf1 Ke7 27. Kd2 Kd6 28. Ke3 Ke5 29. h5 d4+ 30. Kf2 Kf4
31. hxg6 hxg6 32. Nh2 Bc8 33. a3 Bxg4 34. Nxg4 Kxg4 35. Kg2 Kf4 36. Kf2 g5 37. b3 g4
0-1

[Event "MAESTRO  OSCAR PANNO"]
[Site "SchemingMind.com"]
[Date "2013.06.20"]
[Round "-"]
[White "Scooter"]
[Black "michel"]
[Result "0-1"]
[WhiteCountry "USA"]
[BlackCountry "CAN"]
[WhiteElo "1740"]
[WhiteRD "49"]
[BlackElo "1930"]
[BlackRD "119"]
[GameID "333446"]

1. d4 Nf6 2. Nf3 c5 3. Bf4 cxd4 4. Nxd4 e5 5. Bg5 exd4 6. Qxd4 Be7 7. Nd2 Nc6 8. Qe3 O-O 9. g3 Re8 10. Qd3 d5
11. Bg2 Be6 12. O-O h6 13. Bxf6 Bxf6 14. a3 Qd7 15. c3 a6 16. Nb3 Be7 17. Rfd1 Rad8 18. Nd4 Ne5 19. Qc2 Bh3 20. e3 Bxg2
21. Kxg2 Bc5 22. b4 Bb6 23. e4 dxe4 24. Nb3 Qf5 25. Nd4 Bxd4 26. Rxd4 Qf3+ 27. Kg1 Rxd4 28. cxd4 Nd3
0-1

[Event "MAESTRO  OSCAR PANNO"]
[Site "SchemingMind.com"]
[Date "2013.06.20"]
[Round "-"]
[White "kenneth m day"]
[Black "michel"]
[Result "0-1"]
[WhiteCountry "USA"]
[BlackCountry "CAN"]
[WhiteElo "1770"]
[WhiteRD "52"]
[BlackElo "2038"]
[BlackRD "61"]
[GameID "333447"]

1. e4 e5 2. Nf3 Nc6 3. c3 d5 4. Qa4 Bd7 5. exd5 Nd4 6. Qd1 Nxf3+ 7. Qxf3 Nf6 8. Bc4 e4 9. Qe3 Bd6 10. b3 b5
11. Be2 O-O 12. O-O Re8 13. Ba3 Nxd5 14. Qd4 Nf4 15. Qe3 Qg5 16. g3 Nxe2+ 17. Qxe2 c5 18. Qe3 Qd5 19. Rd1 Bg4 20. Re1 Re6
21. Bb2 Bf3 22. Na3 Qh5 23. h4 Qg4 24. Kh2 Qxh4+
0-1

[Event "MAESTRO  OSCAR PANNO"]
[Site "SchemingMind.com"]
[Date "2013.06.19"]
[Round "-"]
[White "simpet"]
[Black "michel"]
[Result "0-1"]
[WhiteCountry "ENG"]
[BlackCountry "CAN"]
[WhiteElo "1699"]
[WhiteRD "54"]
[BlackElo "1930"]
[BlackRD "119"]
[GameID "333448"]

1. e4 e5 2. Nf3 Nc6 3. Bc4 Nf6 4. Ng5 d5 5. exd5 Na5 6. Bb5+ Bd7 7. Bxd7+ Qxd7 8. O-O h6 9. Nf3 e4 10. Re1 O-O-O
11. Nh4 Qxd5 12. g3 Nc6 13. Nc3 Qe6 14. d3 g5 15. Ng2 Qh3 16. Nxe4 Ng4 17. Kf1 f5
0-1

[Event "MAESTRO  OSCAR PANNO"]
[Site "SchemingMind.com"]
[Date "2013.06.23"]
[Round "-"]
[White "SAMAEL"]
[Black "ld31337"]
[Result "1-0"]
[WhiteCountry "CAN"]
[BlackCountry "USA"]
[WhiteElo "1742"]
[WhiteRD "59"]
[BlackElo "1578"]
[BlackRD "77"]
[GameID "333563"]

1. e4 e5 2. Nf3 Nc6 3. Be2 d5 4. exd5 Qxd5 5. c4 Qe6 6. O-O Bc5 7. d3 Nf6 8. Nc3 a6 9. Re1 O-O 10. h3 Rd8
11. Bd2 Nh5 12. Bf1 h6 13. Nd5 Rd7 14. Nxe5 Nxe5 15. Qxh5 Qg6 16. Qxe5 c6 17. Nf4 Qd6 18. Qxd6 Rxd6 19. Re8+ Kh7 20. Rae1 Rd4
21. Be3 Rd6 22. Bxc5 Rf6 23. g3 Rf5 24. Rd8 Rxc5 25. Ree8 b5 26. Rh8#
1-0

[Event "MAESTRO  OSCAR PANNO"]
[Site "SchemingMind.com"]
[Date "2013.06.23"]
[Round "-"]
[White "SAMAEL"]
[Black "jnable"]
[Result "1/2-1/2"]
[WhiteCountry "CAN"]
[BlackCountry "PHI"]
[WhiteElo "1672"]
[WhiteRD "57"]
[BlackElo "1810"]
[BlackRD "90"]
[GameID "333564"]

1. d4 d5 2. e3 Nf6 3. Nf3 Bf5 4. Nc3 h6 5. h3 e6 6. Be2 c5 7. O-O Nc6 8. Nh2 Nb4 9. Bd3 Nxd3 10. cxd3 cxd4
11. exd4 Bd6 12. Nf3 O-O 13. Be3 a5 14. a3 Qb6 15. Qd2 Kh7 16. Nh4 Bg6 17. Nxg6 Kxg6 18. Kh1 Kh7 19. Rac1 Rac8 20. Rc2 Bb8
21. Rfc1 Qd6 22. g3 Nh5 23. Ne2 Rxc2 24. Rxc2 g5 25. Qxa5 f5 26. Bd2 f4 27. Bb4 Qd8 28. Qxd8 Rxd8 29. g4 Ng7 30. f3 Ne8
31. Bd2 Kg6 32. Ba5 Rd7 33. Rc8 Bc7 34. Rxe8 Bxa5 35. Rxe6+ Kg7 36. Nc3 Bxc3 37. bxc3 Rc7 38. Rd6 Rxc3 39. Rxd5 Rxa3 40. Rd7+ Kf6
41. Rxb7 Rxd3 42. Rb6+ Kf7 43. Rxh6 Rxd4 44. Kg1 Rd2 45. h4 gxh4 46. Rxh4 Kg6 47. Rh2 Rd1+ 48. Kg2 Rd2+ 49. Kh3 Rd3 50. Rf2 Kg5
51. Kg2 Rb3 52. Ra2 Kh4 53. Rf2 Rc3=
1/2-1/2

[Event "MAESTRO  OSCAR PANNO"]
[Site "SchemingMind.com"]
[Date "2013.06.22"]
[Round "-"]
[White "SAMAEL"]
[Black "zciwar"]
[Result "0-1"]
[WhiteCountry "CAN"]
[BlackCountry "POL"]
[WhiteElo "1672"]
[WhiteRD "57"]
[BlackElo "1840"]
[BlackRD "93"]
[GameID "333565"]

1. Nf3 c5 2. Nc3 Nc6 3. e4 g6 4. Be2 Bg7 5. a3 e6 6. O-O Nge7 7. d3 O-O 8. Be3 Nd4 9. Na2 Nec6 10. c3 Nxe2+
11. Qxe2 b6 12. Rad1 d5 13. exd5 Qxd5 14. c4 Qd6 15. g3 Bb7 16. Nc3 Rad8 17. Rfe1 Rfe8 18. Ne4 Qe7 19. Qc2 Nd4 20. Nxd4 Bxd4
21. a4 Rd7 22. Bxd4 Rxd4 23. Nc3 Red8 24. Nb5 R4d7 25. Rd2 Qf6 26. f4 Qf5 27. Re5 Qg4 28. Re3 a6 29. Nc3 h5 30. Qd1 Qf5
31. Re5 Qh3 32. Ne4 Bxe4 33. Rxe4 h4 34. Re3 a5 35. Qe2 hxg3 36. Rxg3 Qf5 37. Rf3 Rd4 38. Kf1 Rxf4 39. Rxf4 Qxf4+ 40. Qf2 Qf5
41. Qxf5 exf5 42. b3 Kg7 43. Ke2 Rd4 44. Rd1 Rh4 45. Rh1 Rh3
0-1

[Event "MAESTRO  OSCAR PANNO"]
[Site "SchemingMind.com"]
[Date "2013.06.23"]
[Round "-"]
[White "SAMAEL"]
[Black "emvarela"]
[Result "1/2-1/2"]
[WhiteCountry "CAN"]
[BlackCountry "ARG"]
[WhiteElo "1744"]
[WhiteRD "62"]
[BlackElo "1741"]
[BlackRD "47"]
[GameID "333566"]

1. e4 e5 2. Nf3 Nc6 3. Be2 Nf6 4. Nc3 d6 5. O-O Be7 6. a3 O-O 7. h3 d5 8. exd5 Nxd5 9. d3 Nxc3 10. bxc3 Be6
11. Re1 f6 12. Bb2 Bc5 13. d4 exd4 14. cxd4 Bb6 15. c3 Na5 16. Nd2 c5 17. dxc5 Bxc5 18. Ne4 Qxd1 19. Raxd1 Bb6 20. Rd6 Bc4
21. Bc1 Bxe2 22. Rxe2 Nc4 23. Rd7 Rf7 24. Rxf7 Kxf7 25. Ng3 Re8 26. Kf1 Rxe2 27. Kxe2 Bc7 28. Kd3 Bxg3 29. fxg3 Ne5+=
1/2-1/2